Special issue on The Sacred and the Urban in Asia/

সংরক্ষণ করুন:
গ্রন্থ-পঞ্জীর বিবরন
প্রধান লেখক: Goh, Daniel (coordinador)
অন্যান্য লেখক: Veer, Peter van der coordinador
বিন্যাস: গ্রন্থ
ভাষা:English
ট্যাগগুলো: ট্যাগ যুক্ত করুন
কোনো ট্যাগ নেই, প্রথমজন হিসাবে ট্যাগ করুন!

MARC

LEADER 00000nam a22000007a 4500
003 cru CIDCACS/IIS
005 20180905114039.0
007 ta
008 180905t2016 sp |||p|r||||||0| ||eng|d
999 |c 41629  |d 41629 
040 |c cru CIDCACS/IIS 
100 1 |9 7615  |a Goh, Daniel  |e coordinador 
245 1 |a Special issue on The Sacred and the Urban in Asia/  |c coordinated by Daniel Goh and Peter van der Veer 
300 |a páginas 367-507 
700 1 |9 7616  |a Veer, Peter van der  |d coordinador 
942 |2 ddc  |c PP 
773 0 |0 40365  |9 2216  |a International Sociological Association, ISA  |d Australia ; Los Angeles: ISA, SAGE Publications  |o 18993  |t International Sociology Reviews/  |x 02685809